Államok, nemzetek és kultúrák I. II.
Elmentve itt :
| Szerző: | |
|---|---|
| Adatforrás: | Philobibl |
| Forrásdokumentuma: | Korunk 1998:7. p. 67-78. és 8. p. 85-95. |
| Dokumentumtípus: | Cikk |
| Nyelv: | magyar |
| Kulcsszavak: | nemzet nacionalizmus politikaelmélet |
| LEADER | 00383nab a2200133 c 4500 | ||
|---|---|---|---|
| 001 | bibPHI0036607 | ||
| 005 | 20200924123657.2 | ||
| 008 | 100121s1998 rm hun | ||
| 100 | 1 | |a Kymlicka, Will | |
| 245 | 1 | 0 | |a Államok, nemzetek és kultúrák I. II. |c Will Kymlicka |
| 695 | |a nemzet | ||
| 695 | |a nacionalizmus | ||
| 695 | |a politikaelmélet | ||
| 773 | 0 | |t Korunk |g 1998:7. p. 67-78. és 8. p. 85-95. | |